Las ruinas de Palmira, seguido de La ley natural / (Record no. 141553)

MARC details
000 -LEADER
campo de control de longitud fija 00669nam a2200193 i 4500
001 - NÚMERO DE CONTROL
campo de control 141553
003 - IDENTIFICADOR DE NÚMERO DE CONTROL
campo de control ES-MaACL
005 - FECHA Y HORA DE LA ÚLTIMA TRANSACCIÓN
campo de control 20250929063206.0
007 - CAMPO FIJO DE DESCRIPCIÓN FÍSICA--INFORMACIÓN GENERAL
campo de control de longitud fija t|
008 - DATOS DE LONGITUD FIJA--INFORMACIÓN GENERAL
campo de control de longitud fija 070925s1969 sp ||||1| spa d
100 1# - ENTRADA PRINCIPAL--NOMBRE DE PERSONA
Nombre de persona Volney, Constantine François de Chasseboeuf,
Títulos y otros términos asociados al nombre comte de,
Fechas asociadas al nombre 1757-1820
9 (RLIN) 133827
245 14 - MENCIÓN DEL TÍTULO
Título Las ruinas de Palmira, seguido de La ley natural /
Mención de responsabilidad, etc. Conde de Volney ; [traducción de Armando Ruiz Gómez].
260 ## - PUBLICACIÓN, DISTRIBUCIÓN, ETC.
Lugar de publicación, distribución, etc. [Madrid] :
Nombre del editor, distribuidor, etc. Edaf,
Fecha de publicación, distribución, etc. [1969]
300 ## - DESCRIPCIÓN FÍSICA
Extensión 221 p. :
Otras características físicas 1 retr. aut. ;
Dimensiones 19 cm.
700 1# - ENTRADA AGREGADA--NOMBRE PERSONAL
Nombre de persona Ruiz Gómez, Armando.
9 (RLIN) 100822
740 3# - ENTRADA AGREGADA--TÍTULO RELACIONADO/ANALÍTICO NO CONTROLADO
Título relacionado o analítico no controlado La ley natural.
852 ## - LOCALIZACIÓN
Ubicación ES-MaACL
Número de control de estantería C-51036
Sublocalización o colección R.72285
Holdings
Estatus retirado Estado de pérdida Estado de daño No para préstamo Biblioteca de origen Biblioteca actual Ubicación en estantería Fecha de adquisición Fuente de adquisición Total de préstamos Signatura topográfica completa Código de barras Visto por última vez Precio de reemplazo Tipo de ítem Koha
        Biblioteca del Ateneo de Madrid Biblioteca del Ateneo de Madrid Depósito 2 17/01/2008     C-51036 1147289 23/02/2023 23/02/2023 Libro impreso